Le Libéria pour les touristes... - Statistiques

Statistiques générales
  • Ce quiz a été pris 3 fois
  • Le résultat moyen est 8 sur 20
Statistiques - réponses
Question Indice Réponses % Correct
Quelle est la langue officielle ? Anglais
100%
Ce pays est plus grand que la France (oui/non) Non
100%
Quel est le régime du pays ? R République
100%
Quel est le climat local ? T Tropical
100%
Dans la capitale quel est le décalage horaire avec Paris ? (+ ou - et chiffre) ex - 10 ou + 3,5 - 2
67%
Quel pays a accordé son indépendance à celui-ci ? Etats-Unis
67%
Le suffixe internet est lr
67%
La religion majoritaire est Christianisme
33%
Quelle est la monnaie ? Dollar libérien
33%
Quelles sont les principaux lieux touristiques ? P Lac {Piso}
33%
Code sur les plaques minéralogiques LB
33%
Le principal aéroport est M Monrovia
33%
Quelles sont les principaux lieux touristiques ? M Musée national de {Monrovia}
33%
Achats à faire 3/ Travail d'aiguille Broderie
0%
Quelles sont les principaux lieux touristiques ? K Chutes de {Kpatawi}
0%
Quelles sont les principaux lieux touristiques ? P Ile de {Providence}
0%
Achats à faire 2/ Masque typique appelé Khran
0%
Quelles sont les principaux lieux touristiques ? W Marché de {Waterside}
0%
Quelles sont les principaux lieux touristiques ? B Plage de {Buchanan}
0%
Achats à faire 1/ Faites en terre cuite Poteries
0%
Aucun quiz correspondant
Distribution des résultats
% des personnes avec chaque résultat
Percentile par nombre de réponses
Votre historique - résultats
Vous n’avez pas pris ce quiz